[Event "Werfen op"]
[Site "Werfen"]
[Date "1990.??.??"]
[Round "4"]
[White "Wojtkiewicz, Aleksander"]
[Black "Schwartzman, Gabriel"]
[Result "1-0"]
[WhiteElo "2550"]
[BlackElo "2300"]

1.Nf3 f5 2.g3 Nf6 3.Bg2 g6 4.b3 Bg7 5.Bb2 d6 6.d4 O-O 7.O-O c6 8.c4 a5 9.Nc3 Na6
10.Qc2 Qc7 11.e4 fxe4 12.Nxe4 Bf5 13.Nxf6+ Bxf6 14.Qd2 Rae8 15.Bc3 b6 16.Rfe1 Nb4
17.Rad1 c5 18.h3 Nc6 19.d5 Nd8 20.Re3 Qc8 21.Kh2 Nf7 22.Rde1 Bd7 23.R1e2 Qd8
24.Qe1 Nh6 25.Kg1 Nf5 26.Re4 Qc8 27.Qd2 Qd8 28.h4 Ng7 29.Ng5 Bf5 30.R4e3 h6
31.Bxf6 Rxf6 32.Ne4 Rf7 33.Nc3 Bd7 34.Re4 Nf5 35.g4 Nd4 36.Qxh6 Nxe2+ 37.Nxe2 Rg7
38.Nf4 Kf7 39.Qg5 Rh8 40.Ne6 Bxe6 41.Rxe6 Qf8 42.Be4 Ke8 43.Bxg6+ Kd7 44.Kg2 Rgg8
45.h5 Qg7 46.a4 Qf8 47.Qf5 Qxf5 48.Bxf5 Ke8 49.Bg6+ Kf8 50.f4 Rg7 51.Kg3 Rhg8
52.g5 Rh8 53.h6 Rgg8 54.Kg4  1-0

[Event "Werfen op"]
[Site "Werfen"]
[Date "1990.??.??"]
[Round "5"]
[White "Dokhoian, Yury"]
[Black "Wojtkiewicz, Aleksander"]
[Result "1/2-1/2"]
[WhiteElo "2540"]
[BlackElo "2550"]

1.Nf3 c5 2.c4 Nf6 3.Nc3 Nc6 4.g3 g6 5.Bg2 Bg7 6.d4 cxd4 7.Nxd4 O-O 8.O-O Nxd4
9.Qxd4 d6 10.Qd3 a6 11.Bd2 Rb8 12.e4 Bd7 13.b4 b5 14.cxb5 axb5 15.h3 Be6
16.Nxb5 Qd7 17.a4 Bxh3 18.Rac1 Bxg2 19.Kxg2 Qb7 20.f3 Qa6 21.Qb3 Ra8 22.Nc3 Rfb8
23.b5 Nd7 24.Nd5 Qxa4 25.Nxe7+ Kf8 26.Qxa4 Rxa4 27.Nd5 Ra2 28.Rf2 Nc5 29.Nb4 Rb2
30.Bf4 Rxf2+ 31.Kxf2 Bd4+ 32.Kg2 Rxb5 33.Bxd6+ Kg7 34.Nc6 Ne6 35.Nxd4  1/2-1/2

[Event "Werfen op"]
[Site "Werfen"]
[Date "1990.??.??"]
[Round "6"]
[White "Wojtkiewicz, Aleksander"]
[Black "Stohl, Igor"]
[Result "1/2-1/2"]
[WhiteElo "2550"]
[BlackElo "2530"]

1.Nf3 Nf6 2.c4 g6 3.g3 Bg7 4.Bg2 O-O 5.d4 d5 6.cxd5 Nxd5 7.O-O Nb6 8.Nc3 Nc6
9.d5 Na5 10.e4 c6 11.Bg5 h6 12.Bf4 cxd5 13.exd5 Nac4 14.Qe2 e5 15.dxe6 Bxe6
16.Rfd1 Qc8 17.Rac1 g5 18.Be5 Nxe5 19.Nxe5 Qc7 20.Nd3 Qe7 21.b4 a5 22.a3 axb4
23.axb4 Ra3 24.Nb5 Ra2 25.Qe3 Nc8 26.Qf3 b6 27.Nc7 Bb3 28.Re1 Qf6 29.Qxf6 Bxf6
30.Ne8 Bd4 31.Rxc8 Rd2 32.Bf1 Be6 33.Rd8 Bxf2+ 34.Nxf2 Rxd8 35.Nc7 Bf5 36.Bg2 Kg7
37.b5 Rd7 38.Nd5 Rb8 39.Ne3 Be6 40.Bc6 Rd2 41.Ne4 Rd4 42.g4 Rbd8 43.Rf1 Rb4
44.h3 Rd3 45.Re1 Rbb3 46.Kf2 Rb2+ 47.Re2 Rxe2+ 48.Kxe2 Ra3 49.Kf2 Kg6 50.Nd6  1/2-1/2

[Event "Werfen op"]
[Site "Werfen"]
[Date "1990.??.??"]
[Round "8"]
[White "Wojtkiewicz, Aleksander"]
[Black "Gurevich, Vladimir"]
[Result "1-0"]
[WhiteElo "2550"]
[BlackElo "2440"]

1.Nf3 Nf6 2.c4 g6 3.b3 Bg7 4.Bb2 O-O 5.g3 d6 6.d4 Nbd7 7.Bg2 e5 8.O-O e4
9.Ng5 e3 10.f4 h6 11.Nf3 Re8 12.Nc3 c6 13.f5 g5 14.Qd3 c5 15.Rad1 Ng4 16.dxc5 dxc5
17.Qc2 Nf2 18.Rd5 a6 19.Nd1 Bxb2 20.Qxb2 Qf6 21.Qc2 Nb6 22.Rxc5 Ne4 23.Ra5 Bd7
24.Nxe3 h5 25.Nd5 Nxd5 26.Rxd5 Bc6 27.Rd3 Nc5 28.Rdd1 g4 29.Nh4 Re3 30.Bxc6 bxc6
31.Ng2 Rc3 32.Qd2 Re8 33.Nf4 Rce3 34.Nxh5 Qh6 35.Nf4  1-0

[Event "Bacolod"]
[Site "Bacolod"]
[Date "1991.??.??"]
[Round "3"]
[White "Wojtkiewicz, Aleksander"]
[Black "Rodriguez, Ruben"]
[Result "1-0"]
[WhiteElo "2540"]
[BlackElo "2420"]

1.Nf3 Nf6 2.c4 g6 3.g3 Bg7 4.Bg2 O-O 5.d4 d5 6.cxd5 Nxd5 7.O-O Nb6 8.Nc3 Nc6
9.d5 Na5 10.e4 c6 11.Bg5 h6 12.Bf4 g5 13.Be5 Bxe5 14.Nxe5 Qd6 15.f4 cxd5
16.exd5 Nbc4 17.Ne4 Qb6+ 18.Rf2 Ne3 19.Qh5 Bf5 20.fxg5 Qd4 21.gxh6 Qxe5 22.Qg5+ Kh8
23.Qxe3 Bxe4 24.Qxe4 Qxe4 25.Bxe4 Nc4 26.Re1 Ne5 27.Bf5 f6 28.Rc1 Rad8 29.Rc7 Rxd5
30.Rxe7 Rb5 31.Be4 Rd8 32.Rxf6 Rd1+ 33.Rf1 Rd8 34.b4 a5 35.a4 Nc6 36.Rh7+  1-0

[Event "Bacolod"]
[Site "Bacolod"]
[Date "1991.??.??"]
[Round "5"]
[White "Wojtkiewicz, Aleksander"]
[Black "Torre, Eugenio"]
[Result "1/2-1/2"]
[WhiteElo "2540"]
[BlackElo "2535"]

1.Nf3 d5 2.d4 Nf6 3.c4 c6 4.Qb3 dxc4 5.Qxc4 Bf5 6.Nc3 e6 7.g3 Nbd7 8.Bg2 Be7
9.O-O O-O 10.Bg5 h6 11.Bxf6 Bxf6  1/2-1/2

[Event "Bacolod"]
[Site "Bacolod"]
[Date "1991.??.??"]
[Round "9"]
[White "Wojtkiewicz, Aleksander"]
[Black "Donguines, Fernie"]
[Result "1-0"]
[WhiteElo "2540"]
[BlackElo "2435"]

1.Nf3 f5 2.g3 Nf6 3.Bg2 g6 4.O-O Bg7 5.c4 O-O 6.Nc3 d6 7.d4 c6 8.b3 Qc7 9.Ba3 Ng4
10.Qd2 Nd7 11.h3 Nh6 12.d5 c5 13.Ng5 Nf6 14.Bb2 a6 15.Ne6 Bxe6 16.dxe6 Rab8
17.Nd5 Nxd5 18.Bxd5 Bxb2 19.Qxb2 Rf6 20.Qd2 Kg7 21.f4 Qc8 22.Qc3 Qh8 23.e4 Kg8
24.Rae1 fxe4 25.g4 Rff8 26.Qxh8+ Kxh8 27.Rxe4 Kg7 28.Kg2 b6 29.Rf2 Rfc8 30.a3 Rc7
31.Rb2 Ra7 32.b4 b5 33.Ree2 Rc7 34.Rec2 Kf8 35.Kf3 Ke8 36.Rc3 Kd8 37.Ke4 Rb6
38.Rbc2 cxb4 39.axb4 bxc4 40.Rxc4 Rxb4 41.Rxb4 Rxc2 42.Rb8+ Rc8 43.Rb6 Rc3
44.Rb8+ Rc8 45.Rb6 Rc3 46.Kd4 Rc1 47.Rxa6 Rd1+ 48.Kc4 Rc1+ 49.Kb4 Rc5 50.Ra5 Rc1
51.Ra8+ Kc7 52.Ra7+ Kd8 53.Ra8+ Kc7 54.Re8 Rb1+ 55.Kc3 Rc1+ 56.Kd2 Rc5 57.Rxe7+ Kd8
58.Rd7+ Ke8 59.Bb3  1-0

[Event "Bad Woerishofen op"]
[Site "Bad Woerishofen"]
[Date "1991.??.??"]
[Round "1"]
[White "Leiber, Bernhard"]
[Black "Wojtkiewicz, Aleksander"]
[Result "0-1"]
[WhiteElo "2225"]
[BlackElo "2540"]

1.e4 c5 2.Nf3 d6 3.d4 cxd4 4.Nxd4 Nf6 5.Nc3 a6 6.Bg5 e6 7.f4 Qc7 8.Qf3 b5
9.Bd3 b4 10.Nce2 Nbd7 11.O-O-O Bb7 12.Kb1 Be7 13.Rhe1 Nc5 14.Ng3 h6 15.Bh4 O-O-O
16.Qe2 Kb8 17.Nb3 g5 18.fxg5 Nfd7 19.Nf1 hxg5 20.Bg3 a5 21.Nfd2 Ne5 22.Nxc5 Qxc5
23.Bb5 Bc6 24.Bxc6 Qxc6 25.Rf1 Rhf8 26.c3 Rc8 27.Rc1 Qb7 28.cxb4 Rxc1+ 29.Rxc1 axb4
30.Nb3 Rc8 31.Rxc8+ Kxc8 32.Nc5 Qb6 33.Qa6+ Qxa6 34.Nxa6 Nc6 35.Be1 d5 36.exd5 exd5  0-1

[Event "Bad Woerishofen op"]
[Site "Bad Woerishofen"]
[Date "1991.??.??"]
[Round "3"]
[White "Honfi, Karoly"]
[Black "Wojtkiewicz, Aleksander"]
[Result "0-1"]
[WhiteElo "2375"]
[BlackElo "2540"]

1.e4 c5 2.b3 d6 3.Bb2 Nf6 4.Bb5+ Nbd7 5.Qe2 a6 6.Bxd7+ Bxd7 7.f4 Bc6 8.d3 g6
9.e5 dxe5 10.fxe5 Nd5 11.e6 f6 12.Nh3 Qd6 13.O-O Bh6 14.Nc3 Nf4 15.Nxf4 Bxf4
16.h3 Bh2+ 17.Kh1 Be5 18.Nd1 Qxe6 19.Bxe5 O-O 20.Nc3 fxe5 21.Kg1 Qd6 22.Ne4 Qd4+
23.Kh2 Rf4 24.Ng5 Rf6 25.Rae1 Raf8 26.Rxf6 Rxf6 27.Qxe5 Qxe5+ 28.Rxe5 Rf2
29.Ne4 Rxc2 30.Rxe7 Rxa2 31.Kg3 Rb2 32.Nf6+ Kf8 33.Rxh7 Rxb3 34.Kf4 Bxg2
35.Rd7 Rb6 36.Kg5 Bxh3 37.Rc7 Bf5 38.Rxc5 Rc6 39.Rd5 Ke7 40.Ng8+ Ke6 41.Rd8 Rd6
42.Rb8 b5  0-1

[Event "Bern op"]
[Site "Bern"]
[Date "1991.??.??"]
[Round "2"]
[White "Sutter, Oliver"]
[Black "Wojtkiewicz, Aleksander"]
[Result "0-1"]
[WhiteElo "2255"]
[BlackElo "2540"]

1.d4 Nf6 2.c4 c5 3.d5 d6 4.Nc3 g6 5.e4 Bg7 6.f4 O-O 7.Nf3 e6 8.Be2 exd5 9.cxd5 Bg4
10.e5 Nfd7 11.e6 fxe6 12.Ng5 Bxe2 13.Qxe2 exd5 14.Qe6+ Kh8 15.Nxd5 Nf6 16.O-O Nxd5
17.Qxd5 Qd7 18.f5 Nc6 19.Bd2 gxf5 20.Ne6 Qf7 21.Qxd6 Qg6 22.Rae1 Nd4 23.Qd7 Nxe6
24.Rxe6 Rad8 25.Qe7 Rde8 26.Rxg6 Rxe7 27.Rg5 Bxb2 28.Rfxf5 Rxf5 29.Rxf5 Kg7
30.Kf1 Rf7 31.Rxf7+ Kxf7 32.Ke2 c4 33.Be3 a6 34.g4 b5 35.Bc5 Ke6 36.h4 Bf6
37.h5 Bg5 38.Bb4 Kd5 39.Kf3 Kd4 40.Ke2 c3  0-1

[Event "Bern op"]
[Site "Bern"]
[Date "1991.??.??"]
[Round "4"]
[White "Begovac, Franja"]
[Black "Wojtkiewicz, Aleksander"]
[Result "1-0"]
[WhiteElo "2405"]
[BlackElo "2540"]

1.d4 Nf6 2.c4 e6 3.Nf3 c5 4.d5 d6 5.Nc3 exd5 6.cxd5 g6 7.Nd2 Bg7 8.e4 O-O
9.Be2 Na6 10.O-O Nc7 11.a4 b6 12.Re1 Re8 13.f4 Rb8 14.Bf3 Ba6 15.Nf1 Bxf1
16.Rxf1 a6 17.Kh1 Nd7 18.Qc2 b5 19.axb5 axb5 20.e5 dxe5 21.f5 b4 22.Ne4 Nb5
23.Bg4 Nd4 24.Qd1 Nf6 25.Bg5 Rb6 26.fxg6 hxg6 27.Be6 Rexe6 28.dxe6 Rxe6 29.Nxc5 Rc6
30.Ne4 Re6 31.Rc1 Qb6 32.Rc8+  1-0

[Event "Calcutta"]
[Site "Calcutta"]
[Date "1991.??.??"]
[Round "?"]
[White "Wojtkiewicz, Aleksander"]
[Black "Barua, Dibyendu"]
[Result "1/2-1/2"]
[WhiteElo "2540"]
[BlackElo "2515"]

1.Nf3 d5 2.d4 Nf6 3.c4 dxc4 4.e3 e6 5.Bxc4 a6 6.Qe2 c5 7.dxc5 Bxc5 8.a3 O-O
9.O-O b5 10.Bd3 Nbd7 11.b4  1/2-1/2

[Event "Calcutta"]
[Site "Calcutta"]
[Date "1991.??.??"]
[Round "?"]
[White "Wojtkiewicz, Aleksander"]
[Black "Prasad, Devaki V"]
[Result "1/2-1/2"]
[WhiteElo "2540"]
[BlackElo "2420"]

1.Nf3 d5 2.d4 c5 3.c4 cxd4 4.cxd5 Nf6 5.Nxd4 Nxd5 6.e4 Nf6 7.Nc3 e5 8.Bb5+ Bd7
9.Bxd7+ Qxd7 10.Ndb5 a6 11.Qxd7+ Kxd7 12.Na3 Bxa3 13.bxa3 Rc8 14.Bb2  1/2-1/2

[Event "Calcutta"]
[Site "Calcutta"]
[Date "1991.??.??"]
[Round "?"]
[White "Wojtkiewicz, Aleksander"]
[Black "Shneider, Aleksandr"]
[Result "1/2-1/2"]
[WhiteElo "2540"]
[BlackElo "2555"]

1.e4 c5 2.Nf3 d6 3.Bb5+ Bd7 4.Bxd7+ Qxd7 5.O-O Nc6 6.c3 Nf6 7.Re1 e6 8.d4 cxd4
9.cxd4 d5 10.e5 Ne4 11.Nbd2 Nxd2 12.Bxd2 Be7 13.Rc1 O-O 14.Bg5  1/2-1/2

[Event "Corfu op"]
[Site "Corfu"]
[Date "1991.??.??"]
[Round "3"]
[White "Wojtkiewicz, Aleksander"]
[Black "Mastrokoukos, Georgios"]
[Result "1-0"]
[WhiteElo "2540"]
[BlackElo "2310"]

1.Nf3 Nf6 2.c4 g6 3.g3 Bg7 4.Bg2 O-O 5.d4 d5 6.cxd5 Nxd5 7.O-O Nb6 8.Nc3 a5
9.h3 Nc6 10.d5 Nb4 11.e4 f5 12.Ng5 h6 13.a3 Na6 14.Nf3 fxe4 15.Nh4 g5 16.Ng6 Rf6
17.Qh5 Bf5 18.Bxe4 Qe8 19.Bxf5 Rxf5 20.Re1 Kh7 21.Nf4 Qxh5 22.Nxh5 Bxc3 23.Rxe7+ Kg6
24.bxc3 Rxd5 25.Re6+ Kf5 26.Ng7+  1-0

[Event "Corfu op"]
[Site "Corfu"]
[Date "1991.??.??"]
[Round "4"]
[White "Maksimovic, Suzana"]
[Black "Wojtkiewicz, Aleksander"]
[Result "0-1"]
[WhiteElo "2290"]
[BlackElo "2540"]

1.d4 Nf6 2.c4 g6 3.Nc3 Bg7 4.e4 d6 5.Bd3 O-O 6.Nge2 c5 7.d5 e6 8.O-O exd5
9.cxd5 b6 10.a4 Ba6 11.Nb5 Bxb5 12.axb5 Ne8 13.Nc3 Nd7 14.Ra3 Nc7 15.Be3 Re8
16.Kh1 Qh4 17.g3 Qe7 18.Qa1 Bd4 19.Rxa7 Bxe3 20.fxe3 Ne5 21.Be2 Qg5 22.Rf4 h5
23.Ra6 Qe7 24.Rxa8 Rxa8 25.Qd1 Ne8 26.Kg2 Kg7 27.Qb1 Qa7 28.h3 Nf6 29.Qf1 Qe7
30.Bd3 Nfd7 31.Be2 Qd8 32.Qd1 Qg5 33.Kh2 Ra5 34.Qb1 Qd8 35.Qd1 Qa8 36.Rf1 Nf6
37.Kg2 Nh7 38.Qe1 c4 39.Qf2 Ra1 40.Bxc4 Nxc4 41.Qxf7+ Kh6 42.Rf3 Ne5  0-1

[Event "Corfu op"]
[Site "Corfu"]
[Date "1991.??.??"]
[Round "8"]
[White "Blatny, Pavel"]
[Black "Wojtkiewicz, Aleksander"]
[Result "0-1"]
[WhiteElo "2495"]
[BlackElo "2540"]

1.d4 Nf6 2.Nf3 g6 3.Nc3 d5 4.Bf4 Bg7 5.e3 O-O 6.Be2 c5 7.dxc5 Nbd7 8.O-O Nxc5
9.Be5 b6 10.Bxf6 Bxf6 11.Qxd5 Bb7 12.Qxd8 Rfxd8 13.Nd1 Rac8 14.Rc1 Nd3 15.Bxd3 Rxd3
16.cxd3 Rxc1 17.d4 Rc2 18.Re1 e6 19.e4 Be7 20.a3 f6 21.h3 Kf7 22.Kh2 Bd6+
23.g3 Be7 24.h4 h5 25.Re3 Bf8 26.Rc3 Bxe4 27.Rxc2 Bxc2 28.Ne3 Be4 29.Nd2 Bc6
30.f4 Bd6 31.Kg1 Bc7 32.Kf2 Ke7 33.Ndc4 b5 34.Nd2 Bb6 35.Nb3 Kd6 36.Ke2 Bd5
37.Nc5 Bxc5 38.dxc5+ Kxc5 39.Kd3 a5 40.g4 Bc4+ 41.Kc3 b4+ 42.axb4+ axb4+
43.Kd2 f5 44.gxf5 gxf5 45.Nc2 b3 46.Ne1 Kd4 47.Nf3+ Ke4 48.Ne5 Bb5 49.Ng6 Be8
50.Nf8 Bf7  0-1

[Event "Jyvaskyla op"]
[Site "Jyvaskyla"]
[Date "1991.??.??"]
[Round "2"]
[White "Wojtkiewicz, Aleksander"]
[Black "Ristoja, Thomas W"]
[Result "1-0"]
[WhiteElo "2540"]
[BlackElo "2245"]

1.Nf3 Nf6 2.c4 g6 3.g3 Bg7 4.Bg2 O-O 5.d4 d6 6.Nc3 Nc6 7.O-O e5 8.d5 Ne7
9.c5 Ne8 10.cxd6 cxd6 11.a4 h6 12.Nd2 f5 13.Nc4 f4 14.Ne4 g5 15.b3 g4 16.Ba3 Nf5
17.f3 h5 18.fxg4 hxg4 19.gxf4 exf4 20.Rxf4 Nh4 21.Rxf8+ Bxf8 22.Qd2 Nxg2
23.Kxg2 Bf5 24.Qf4 Bxe4+ 25.Qxe4 Qg5 26.Qe6+ Kh8 27.Rf1 Bg7 28.Rf7 Nf6 29.Bb2 Nh5
30.Qf5 Qh6 31.Bc1 Qxc1 32.Qxh5+ Kg8 33.Rf5 Rf8 34.Nxd6 Rxf5 35.Qxf5 Qd1 36.Qe6+ Kh7
37.Qe4+ Kg8 38.Nf5 Qxb3 39.d6 Bf8 40.d7 Qh3+ 41.Kg1 Bc5+ 42.e3  1-0

[Event "Jyvaskyla op"]
[Site "Jyvaskyla"]
[Date "1991.??.??"]
[Round "3"]
[White "Karner, Hillar"]
[Black "Wojtkiewicz, Aleksander"]
[Result "1/2-1/2"]
[WhiteElo "2350"]
[BlackElo "2540"]

1.d4 Nf6 2.Nf3 g6 3.g3 Bg7 4.Bg2 O-O 5.O-O d6 6.Nbd2 Nbd7 7.e4 e5 8.dxe5 dxe5
9.b3 a5 10.a4 b6 11.Bb2 Ba6 12.Re1 Re8 13.Bf1 Bxf1 14.Kxf1 Qc8 15.Qe2 Qb7
16.Qc4 c6 17.Ng5 Nc5 18.Ba3 Bf8 19.Qe2 Rad8 20.Ngf3 Qc7 21.Kg2 Ne6 22.Bb2 Nd7
23.Nc4 f6 24.Red1 Ndc5 25.h4 h5 26.Rd2 Bh6 27.Rdd1 Kh7 28.Ba3 Bf8 29.Bxc5 Nxc5
30.Nb2 Bh6 31.Qc4 Kg7 32.Nd3  1/2-1/2

[Event "Jyvaskyla op"]
[Site "Jyvaskyla"]
[Date "1991.??.??"]
[Round "4"]
[White "Wojtkiewicz, Aleksander"]
[Black "Pirttimaki, Timo"]
[Result "1-0"]
[WhiteElo "2540"]
[BlackElo "2295"]

1.Nf3 c5 2.c4 Nf6 3.g3 g6 4.Bg2 Bg7 5.O-O O-O 6.d4 d6 7.dxc5 dxc5 8.Ne5 Qb6
9.Nc3 Rd8 10.Nd3 Na6 11.Be3 Bf5 12.Na4 Qc7 13.Bf4 Qc8 14.Qb3 Be4 15.Rad1 Bxg2
16.Kxg2 b6 17.Nc3 Nc7 18.Be5 Nce8 19.Nf4 Qb7+ 20.Kg1 Nh5 21.Bxg7 Nxf4 22.gxf4 Nxg7
23.Rxd8+ Rxd8 24.Rd1 Rxd1+ 25.Qxd1 Nh5 26.Qd8+ Kg7 27.Nd5 Qa6 28.Qxe7 Qxc4
29.Qe5+ Kg8 30.e3 Qxa2 31.f5 Qa4 32.h3 f6 33.Qe6+ Kg7 34.Qe7+ Kg8 35.Nc7 Qc6
36.Ne6 Qc8 37.Nd8  1-0

[Event "Jyvaskyla op"]
[Site "Jyvaskyla"]
[Date "1991.??.??"]
[Round "7"]
[White "Ebeling, Mika"]
[Black "Wojtkiewicz, Aleksander"]
[Result "0-1"]
[WhiteElo "2275"]
[BlackElo "2540"]

1.e4 c5 2.Nf3 d6 3.d4 cxd4 4.Nxd4 Nf6 5.Nc3 a6 6.f4 e6 7.Qf3 Qc7 8.Bd3 b5
9.a3 Bb7 10.O-O Nbd7 11.Bd2 g6 12.Qh3 Bg7 13.Nf3 O-O 14.Rae1 Nc5 15.e5 Nfd7
16.Ng5 h6 17.Nge4 Nxe4 18.Nxe4 Bxe4 19.Bxe4 Rac8 20.c3 dxe5 21.fxe5 h5 22.g4 hxg4
23.Qxg4 Nxe5 24.Qg2 Nc4 25.Bc1 Nd6 26.Bc2 Qc6 27.Qg4 Nf5 28.Bg5 Qd5 29.Rf3 Rc4
30.Re4 Rxe4 31.Qxe4 Qc5+ 32.Be3 Nxe3 33.Qxe3 Qd5 34.Be4 Qb3 35.Qd2 Qc4 36.Qd3 Qc5+
37.Qe3 Qd6 38.Qd3 Qc7 39.Qe2 Be5 40.Rd3 Kg7 41.Qd2 Rh8 42.h3 Rh4 43.Bg2 Rf4
44.Rf3 Rc4 45.Rd3 Bf4 46.Qd1 Qc5+ 47.Kh1 Bc7 48.Qf3 Qe5 49.Kg1 Qh2+ 50.Kf1 Rf4  0-1

[Event "Manila op"]
[Site "Manila"]
[Date "1991.??.??"]
[Round "?"]
[White "Wojtkiewicz, Aleksander"]
[Black "Mascarinas, Rico"]
[Result "1-0"]
[WhiteElo "2540"]
[BlackElo "2410"]

1.Nf3 Nf6 2.c4 c5 3.g3 b6 4.Bg2 Bb7 5.Nc3 g6 6.O-O Bg7 7.d4 cxd4 8.Qxd4 O-O
9.Qh4 d6 10.Bh6 Nbd7 11.b3 Rc8 12.Rfd1 Rc5 13.Bxg7 Kxg7 14.Qd4 Kg8 15.Ne1 Bxg2
16.Nxg2 Ne5 17.Ne3 Re8 18.f3 Qc8 19.a4 Nc6 20.Qd2 Nb4 21.Kg2 a5 22.h3 h5
23.g4 Qe6 24.Nf1 d5 25.g5 dxc4 26.gxf6 cxb3 27.Ng3 exf6 28.Nge4 Qc6 29.Nb5 Rc2
30.Qe3 Kg7 31.Nd4 Qc4 32.Kh1 f5 33.Nxf5+ gxf5 34.Qg5+ Kf8 35.Qh6+ Ke7 36.Qd6+  1-0

[Event "Manila op"]
[Site "Manila"]
[Date "1991.??.??"]
[Round "?"]
[White "Sevillano, Enrico"]
[Black "Wojtkiewicz, Aleksander"]
[Result "1/2-1/2"]
[WhiteElo "2340"]
[BlackElo "2540"]

1.e4 c5 2.c3 d5 3.exd5 Qxd5 4.d4 Nf6 5.Nf3 e6 6.Bd3 Be7 7.O-O O-O 8.Bg5 cxd4
9.cxd4 Nc6 10.Nc3 Qd6 11.Re1 Rd8 12.Ne4 Nxe4 13.Bxe4 Nxd4 14.Bxe7 Nxf3+ 15.Qxf3 Qxe7
16.Re3 Rb8 17.Bxh7+ Kxh7 18.Qh5+ Kg8 19.Rh3 f5 20.Qh8+ Kf7 21.Qh5+ Kg8 22.Qh7+ Kf7
23.Qh5+ Kg8  1/2-1/2

[Event "Manila op"]
[Site "Manila"]
[Date "1991.??.??"]
[Round "?"]
[White "Pacis, Adrian"]
[Black "Wojtkiewicz, Aleksander"]
[Result "1-0"]
[WhiteElo "2305"]
[BlackElo "2540"]

1.e4 c5 2.Nf3 d6 3.c3 Nf6 4.Bd3 Bg4 5.Bc2 e6 6.d3 Nc6 7.Be3 d5 8.Nbd2 Bd6
9.h3 Bh5 10.Qb1 O-O 11.O-O Bg6 12.a3 a5 13.Re1 Qc7 14.Qa2 h6 15.Rad1 Rad8
16.exd5 Nxd5 17.Ne4 Nxe3 18.Rxe3 Bf4 19.Re2 b6 20.d4 cxd4 21.cxd4 Bh5 22.g4 Bg6
23.d5 Ne7 24.Bb3 Nxd5 25.Bxd5 exd5 26.Rxd5 Rxd5 27.Qxd5 Rd8 28.Qb5 f6 29.Nh4 Bf7
30.Nc3 Be5 31.Re3 Bd4 32.Rf3 Bc5 33.Qe2 Re8 34.Qd2 h5 35.Nf5 hxg4 36.hxg4 Qe5
37.Kg2 Be6 38.Qd3 Bf7 39.Qd7 Qb8 40.g5 Rd8 41.Qa4 Bh5 42.Qc4+ Kf8 43.Rh3 Qb7+
44.Qe4 Qxe4+ 45.Nxe4 Rd5 46.Nxg7 Kxg7 47.Rxh5 Kg6 48.Rh6+ Kf5 49.Ng3+ Ke5
50.Rxf6 Rd2 51.b4 axb4 52.axb4 Bxb4 53.Kh3 Rd6 54.Rf5+ Ke6 55.f4 Rd3 56.Rb5 Bc5
57.Kg4 Rd4 58.Rb2 Bd6 59.Nh5 Rb4 60.Re2+ Kf7 61.Rd2 Be7 62.Rd7  1-0

[Event "POL-chT"]
[Site "Mikolajki"]
[Date "1991.??.??"]
[Round "1"]
[White "Wojtkiewicz, Aleksander"]
[Black "Flis, Jacek"]
[Result "1-0"]
[WhiteElo "2540"]
[BlackElo "2355"]

1.Nf3 Nf6 2.c4 d6 3.d4 g6 4.Nc3 Nbd7 5.g3 Bg7 6.Bg2 O-O 7.O-O e5 8.h3 c6
9.e4 Qa5 10.Re1 exd4 11.Nxd4 Ne5 12.Bf1 Re8 13.Be3 Be6 14.Nxe6 Rxe6 15.f4 Ned7
16.Bf2 Rae8 17.Qc2 Nc5 18.Bg2 Qb4 19.Rad1 Qxc4 20.Bf1 Qb4 21.Rd4 Qb6 22.b4 Na6
23.Rxd6 Qxb4 24.Rxe6 Rxe6 25.e5 Nd7 26.Rb1 Qf8 27.Rxb7 Nac5 28.Rxa7 Qb8 29.Ra5 Bf8
30.Na4 Nb7 31.Ra6 Nd8 32.Nb6 Nxb6 33.Rxb6 Qc7 34.a4 c5 35.Rb5 Rb6 36.Qb3 Rxb5
37.Qxb5 Ne6 38.a5 Nd4 39.Qb6 Qd7 40.a6 Nf3+ 41.Kg2 Qd5 42.Qb7 Nh4+ 43.Kg1 Nf3+
44.Kh1 Qd1 45.Qb5 Nd2 46.Qe2 Qa1 47.Kg1 Nxf1 48.Qxf1 Qa2 49.Qb5 c4 50.a7 c3
51.Qc6 c2 52.Be3 Bg7 53.e6 Qb1+ 54.Kf2 Qb2 55.Kf3 Qb1 56.a8=Q+ Bf8  1-0

[Event "POL-chT"]
[Site "Mikolajki"]
[Date "1991.??.??"]
[Round "3"]
[White "Wojtkiewicz, Aleksander"]
[Black "Kveinys, Aloyzas"]
[Result "0-1"]
[WhiteElo "2540"]
[BlackElo "2435"]

1.Nf3 d5 2.d4 Nf6 3.c4 e6 4.g3 dxc4 5.Bg2 a6 6.O-O Nc6 7.Nc3 Rb8 8.e4 Be7
9.d5 exd5 10.exd5 Nb4 11.Ne5 Bf5 12.Bg5 O-O 13.a3 Nbxd5 14.Nxd5 Nxd5 15.Bxd5 Bxg5
16.Qf3 Qf6 17.Rfe1 Be6 18.Qxf6 Bxf6 19.Bxe6 fxe6 20.Nxc4 Bd4 21.Re2 Rbd8
22.Kg2 Rd5 23.Rc1 Rc5 24.Rcc2 b5 25.Na5 e5 26.Rxc5 Bxc5 27.f3 Re8 28.Nc6 Bd6
29.f4 e4 30.b4 Kf7 31.Kf2 g5 32.fxg5 Kg6 33.Ke3 Kxg5 34.Rf2 h5 35.Rf7 Kg6
36.Rf1 Bf8 37.Rd1 Bh6+ 38.Ke2 Re6 39.Nd4 Rd6 40.Nb3 Rxd1 41.Kxd1 Be3 42.Ke2 Bb6
43.h3 Kf5 44.Nd2 Ke5 45.g4 h4 46.g5 Kf5 47.g6 Kxg6 48.Nxe4 Kf5 49.Kf3 Bd4  0-1

[Event "POL-chT"]
[Site "Mikolajki"]
[Date "1991.??.??"]
[Round "6"]
[White "Wojtkiewicz, Aleksander"]
[Black "Jasnikowski, Zbigniew"]
[Result "1/2-1/2"]
[WhiteElo "2540"]
[BlackElo "2435"]

1.Nf3 Nf6 2.c4 g6 3.g3 Bg7 4.Bg2 O-O 5.d4 c6 6.Nc3 d5 7.cxd5 cxd5 8.Ne5 e6
9.O-O Nfd7 10.Nf3 Nc6 11.Bg5 Qb6 12.Na4 Qa5 13.Bd2 Qd8 14.Bg5 Qa5 15.Bd2 Qd8
16.Bg5  1/2-1/2

[Event "New York op"]
[Site "New York"]
[Date "1991.??.??"]
[Round "2"]
[White "Masculo, Jose"]
[Black "Wojtkiewicz, Aleksander"]
[Result "0-1"]
[WhiteElo "2270"]
[BlackElo "2540"]

1.c4 c5 2.g3 e6 3.Bg2 d5 4.Nf3 Nf6 5.O-O Nc6 6.b3 Be7 7.e3 e5 8.cxd5 Nxd5
9.Bb2 f6 10.a3 O-O 11.d3 Bg4 12.Qc2 Rc8 13.Nbd2 Qd7 14.Rfd1 Rfd8 15.Rac1 b6
16.Qb1 Bf8 17.Rc4 Kh8 18.Rdc1 Be6 19.R4c2 Nc7 20.Bf1 Bf5 21.Ne4 Ne6 22.Rc3 Bg6
23.Qc2 Nc7 24.Qe2 Be7 25.Nh4 Bf7 26.Qf3 Be6 27.Nd2 g5 28.Ng2 Bg4 29.Qe4 f5
30.Qc4 b5 31.Qf7 Rf8 32.Qxf8+ Bxf8 33.R3c2 Kg8 34.Ne1 Ne6 35.Bg2 a5 36.h3 Bh5
37.g4 fxg4 38.Ne4 Be7 39.Ng3 Bg6 40.hxg4 Ned8 41.Bf3 Nf7 42.Ne4 Bxe4 43.Bxe4 Qxg4+
44.Kf1 Qe6  0-1

[Event "New York op"]
[Site "New York"]
[Date "1991.??.??"]
[Round "3"]
[White "Wojtkiewicz, Aleksander"]
[Black "Yermolinsky, Alex"]
[Result "1/2-1/2"]
[WhiteElo "2540"]
[BlackElo "2565"]

1.Nf3 Nf6 2.c4 e6 3.g3 b6 4.Bg2 Bb7 5.O-O c5 6.Nc3 Be7 7.d4 cxd4 8.Qxd4 d6
9.Rd1 a6 10.Bg5 Nbd7 11.Qd2 O-O 12.Bf4 d5 13.cxd5 Nxd5 14.Nxd5 exd5 15.Ne5 Nf6
16.Rac1 Rc8 17.Rxc8 Qxc8 18.Rc1 Qe6 19.Rc7 Ba8 20.Nf3 Ne4 21.Nd4 Qf6 22.Qd3 Bd6
23.Ra7 Bxf4 24.gxf4 Qxf4 25.Qe3 Qxe3 26.fxe3 a5 27.Bxe4 dxe4 28.Rd7 g6 29.Kf2 Rb8
30.Kg3 Kf8  1/2-1/2

[Event "New York op"]
[Site "New York"]
[Date "1991.??.??"]
[Round "4"]
[White "Ehlvest, Jaan"]
[Black "Wojtkiewicz, Aleksander"]
[Result "1-0"]
[WhiteElo "2650"]
[BlackElo "2540"]

1.d4 Nf6 2.Nf3 g6 3.c4 Bg7 4.g3 O-O 5.Bg2 d6 6.O-O Nc6 7.Nc3 a6 8.Qd3 Bf5
9.e4 Bg4 10.d5 Nb4 11.Qe2 a5 12.h3 Bxf3 13.Bxf3 Nd7 14.Bg2 c6 15.Rb1 cxd5
16.cxd5 Rc8 17.Bd2 Ne5 18.a3 Na6 19.b3 Nc5 20.Rfd1 Ned7 21.Rdc1 Ne5 22.Be3 Re8
23.Rc2 Ned7 24.Rcc1 Ne5 25.Nb5 a4 26.Bxc5 dxc5 27.f4 Nd7 28.bxa4 Qa5 29.e5 Nb6
30.d6 Rcd8 31.Nc7 exd6 32.Nxe8  1-0

[Event "New York op"]
[Site "New York"]
[Date "1991.??.??"]
[Round "5"]
[White "Wojtkiewicz, Aleksander"]
[Black "Dolgitser, Konstantin"]
[Result "1-0"]
[WhiteElo "2540"]
[BlackElo "2280"]

1.Nf3 Nf6 2.c4 c5 3.g3 g6 4.Bg2 Bg7 5.O-O O-O 6.d4 cxd4 7.Nxd4 Nc6 8.Nc3 Nxd4
9.Qxd4 d6 10.Qd3 a6 11.Bd2 Rb8 12.Rac1 Be6 13.b3 Nd7 14.e4 Nc5 15.Qe2 Qd7
16.Nd5 b5 17.b4 Na4 18.cxb5 Bxd5 19.exd5 axb5 20.Rfe1 Rfe8 21.Rc6 Nb2 22.Bc1 Nc4
23.a4 Bc3 24.axb5 Bxe1 25.Qxe1 Ne5 26.b6 Nd3 27.Qc3 Nxc1 28.Qxc1 Rb7 29.Qh6 Rc8
30.Bh3 e6 31.b5 f5 32.dxe6 Qxe6 33.Rxc8+ Qxc8 34.Bg2 Rb8 35.Bd5+ Kh8 36.Qe3 Qe8
37.Qxe8+ Rxe8 38.b7 Kg7 39.f4 Kf6 40.h4 Rb8 41.Kf2 Re8 42.b6 h6 43.Kf3 g5
44.h5 gxf4 45.gxf4 Kg7 46.Bc6 Rd8 47.Ke3 d5 48.Kd4 Kf6 49.Bd7 Rb8 50.Bc8 Ke7
51.Kxd5  1-0

[Event "New York op"]
[Site "New York"]
[Date "1991.??.??"]
[Round "8"]
[White "Adianto, Utut"]
[Black "Wojtkiewicz, Aleksander"]
[Result "1-0"]
[WhiteElo "2470"]
[BlackElo "2540"]

1.d4 Nf6 2.Nf3 g6 3.g3 Bg7 4.Bg2 O-O 5.O-O d6 6.c4 Nbd7 7.Nc3 e5 8.h3 c6
9.e4 Qb6 10.c5 dxc5 11.dxe5 Ne8 12.Na4 Qa6 13.Bf4 Nc7 14.Qc2 Ne6 15.Rfd1 b5
16.Nc3 c4 17.Rd6 Qb7 18.Rad1 Ndc5 19.Bf1 Qc7 20.b3 b4 21.Na4 Nxa4 22.bxa4 c3
23.Bc4 h6 24.Kg2 g5 25.Be3 a5 26.Qe2 Rb8 27.Nd4 Nxd4 28.R1xd4 Qe7 29.Qh5 Qxe5
30.Rg6 c2 31.Rdd6 Be6 32.Rdxe6 fxe6 33.Rxe6 Qc3 34.Rxc6+ Kh7 35.Qg6+ Kh8
36.Bg8 Kxg8 37.Rxc3 bxc3 38.e5 Kh8 39.h4 gxh4 40.Bxh6 Rb7 41.Be3 h3+ 42.Kxh3 Rxf2
43.Qc6 Re7 44.Kg4 Rxe5 45.Qh1+ Kg8 46.Bxf2 Re4+ 47.Kf3  1-0

[Event "Rubinstein mem"]
[Site "Polanica Zdroj"]
[Date "1991.??.??"]
[Round "2"]
[White "Wojtkiewicz, Aleksander"]
[Black "Gdanski, Jacek"]
[Result "1/2-1/2"]
[WhiteElo "2510"]
[BlackElo "2430"]

1.Nf3 g6 2.d4 Bg7 3.e4 d6 4.c4 Nf6 5.Nc3 O-O 6.Be2 e5 7.O-O Nc6 8.Be3 Ng4
9.Bg5 f6 10.Bc1 f5 11.Bg5 Qd7 12.dxe5 fxe4 13.Nxe4 Ngxe5 14.Nxe5  1/2-1/2